Skip to content
VuFind
All Fields
Title
Author
Subject
Call Number
ISBN/ISSN
Tag
Find
Advanced
Kursus Pengurusan
Cite this
Print
Export Record
Export to RefWorks
Export to EndNoteWeb
Export to EndNote
Export to MARC
Kursus Pengurusan
Bibliographic Details
Format:
Book
Subjects:
Asset Management
Holdings
Description
Similar Items
Staff View
MARC
LEADER
00000cam a2200000 7i4500
001
0000005136
005
20030122.0
040
|a
INS
090
0
0
|a
M 41
245
0
0
|a
Kursus Pengurusan
650
0
0
|a
Asset Management
999
|a
M41
|b
BOOK
|c
Microfiche
|e
Default branch
Similar Items
Kursus Pengurusan Aset (16 - 18 September 1997)
OJT : Sistem pengurusan aset ( SPA ) di INSPEN : 24 - 25 November 2009
Published: (2009)
CPD : Pengurusan aset dan fasiliti - Isu, cabaran dan halatuju : 21 Mei 2008
Published: (2008)
Nota Rujukan : Kursus Pengurusan Aset
Published: (2002)
All about asset allocation : the easy way to get started
by: Ferri, Richard A
Published: (2006)